Teoría y problemas de geometría proyectiva
Guardat en:
| Autor principal: | |
|---|---|
| Format: | Llibre |
| Idioma: | espanyol |
| Publicat: |
Ciudad de México
McGraw-Hill
1971
|
| Col·lecció: | Serie de Compendios Schaum
|
| Matèries: | |
| Etiquetes: |
Afegir etiqueta
Sense etiquetes, Sigues el primer a etiquetar aquest registre!
|
MARC
| LEADER | 00000nam a2200000 a 4500 | ||
|---|---|---|---|
| 001 | UCV5792 | ||
| 003 | CL-VaPUC | ||
| 008 | 910502e19710000MX |||||||||||||||||spa|d | ||
| 082 | 0 | 4 | |a 516.5 |b AYR |2 21 |
| 100 | 0 | |a Ayres, Frank |e author |9 300055 | |
| 245 | 1 | 0 | |a Teoría y problemas de geometría proyectiva |
| 300 | |a 243 p | ||
| 942 | |c BK | ||
| 945 | |d 19910502 00:00:00 | ||
| 260 | |a Ciudad de México |b McGraw-Hill |c 1971 | ||
| 650 | 0 | |a Geometría proyectiva |9 262638 | |
| 650 | 0 | |a Problemas, ejercicios, etc |9 259377 | |
| 583 | |a last modification |c 19910502 00:00:00 |k Rodrigo Vera | ||
| 490 | 0 | |a Serie de Compendios Schaum | |
| 999 | |c 212162 |d 212160 | ||
| 952 | |0 0 |1 0 |4 0 |6 516_500000000000000_AYR_1971 |7 0 |8 A |9 192695 |a BIBMAT |b BIBMAT |d 2019-11-14 |i 2602016 |o 516.5 AYR 1971 |p 2602016 |r 2025-01-07 |w 2019-11-14 |y BK |k MAT | ||
| 952 | |0 0 |1 0 |4 0 |6 516_500000000000000_AYR_1971 |7 0 |8 A |9 192696 |a BIBCUR |b BIBCUR |d 2019-11-14 |i 2602032 |o 516.5 AYR 1971 |p 2602032 |r 2025-04-22 |w 2019-11-14 |y BK |k BCB | ||
| 952 | |0 0 |1 0 |4 0 |6 516_500000000000000_AYR_1971 |7 0 |8 A |9 192697 |a BIBCUR |b BIBCUR |d 2019-11-14 |i 2602040 |o 516.5 AYR 1971 |p 2602040 |r 2025-04-22 |w 2019-11-14 |y BK |k BCB | ||
| 952 | |0 0 |1 0 |4 0 |6 516_500000000000000_AYR_1971 |7 0 |8 A |9 192700 |a BIBMAT |b BIBMAT |d 2019-11-14 |i 149242K |o 516.5 AYR 1971 |p 149242K |r 2025-01-07 |w 2019-11-14 |y BK |k MAT | ||